Kraje z największą szansą na wygranie Eurowizji 2022 - Statystyki

Ogólne statystyki
  • Ten quiz został rozwiązany 109 razy
  • Średni wynik to 11 z 15
Statystyki odpowiedzi
% Kraj % Poprawnych
1 Polska
98%
62 Ukraina
92%
3 Włochy
88%
14 Szwecja
86%
6 Wielka Brytania
86%
6 Hiszpania
82%
1 Norwegia
77%
1 Grecja
71%
1 Serbia
67%
1 Holandia
66%
<1 Finlandia
65%
<1 Czechy
63%
1 Mołdawia
57%
<1 Estonia
55%
<1 Australia
51%
Nie znaleziono quizów pasujących do podanych kryteriów
Rozkład punktacji
Procent ludzi z każdym wynikiem
Percentyl według liczby udzielonych odpowiedzi
Twoja historia wyników
Nie rozwiązałeś tego quizu